Lady Gaga - Mayhem - Statistiques

Statistiques générales
  • Ce quiz a été pris 153 fois
  • Le résultat moyen est 11 sur 14
Statistiques - réponses
Hint Réponse % Correct
2 Abracadabra
98%
1 Disease
91%
3 Garden of Eden
83%
5 Vanish Into You
83%
14 Die With a Smile
81%
7 Zombieboy
80%
8 LoveDrug
76%
6 Killah
74%
4 Perfect Celebrity
73%
12 The Beast
73%
13 Blade of Grass
69%
11 Shadow of a Man
61%
10 Don’t Call Tonight
57%
9 How Bad Do U Want Me
56%
Aucun quiz correspondant
Distribution des résultats
% des personnes avec chaque résultat
Percentile par nombre de réponses
Votre historique - résultats
Vous n’avez pas pris ce quiz